Datum a čas kvízu
20
Celkem bodů
Celkový počet nahraných bodů na tomto kvízu bez doplňovacích otázek.
14.
Pořadí na kvízu
Konečné umístění týmu na tomto kvízu.
Zaznamenané odpovědi
| # | Otázka | Odpověď | Body | Výsledky |
|---|---|---|---|---|
| 1. | Ve středu schválil Senát tři n... | Daniela Zemanová, Josef Baxa, Jan Wintr | 0 | |
| 2. | Britský inženýr Michael Wallhe... | popelnici | 0 | |
| 3. | Doplňte název filmu, který měl... | paralelními světy | 0 | |
| 4. | 56letý politik a advokát Zdeně... | Hospodářská komora (ČR) | 0 | |
| 5. | Poměrně sledovanou událostí by... | druhý | 1 | |
| 6. | Pánové Svěrák, Smoljak a Cimrm... | Bodamské jezero, řeka Rýn | 0 | |
| 7. | Napište jméno českého národníh... | Miroslav Tyrš | 0 | |
| 8. | Nejstarší historiky doloženou... | Drahomíra (ze Stodor) | 0 | |
| 9. | Významní Češi získali od svého... | C | 0 | |
| 10. | Své místo v Českém nebi má tak... | Koňský trh, Dobytčí trh | 0 |